[Event "Seefeld-Casino op 19th"]
[Site "Seefeld/Tirol (5.9.-13.9)"]
[Date "2008.09.11"]
[Round "7.4"]
[White "Jandke, Manfred"]
[Black "Schnitzspan, Lothar"]
[Result "1/2-1/2"]
[WhiteElo "2119"]
[BlackElo "2240"]
[PlyCount "145"]
[EventDate "2008.09.??"]
[EventType "swiss"]
[EventRounds "9"]
[Source "Ganslmayer"]
[SourceDate "2010.03.14"]

1. Nf3 c5 2. c4 Nc6 3. Nc3 g6 4. g3 Bg7 5. Bg2 e6 6. O-O Nge7 7. a3 O-O 8. d3
d5 9. Qc2 Nd4 10. Nxd4 cxd4 11. Na2 dxc4 12. Qxc4 e5 13. Bg5 Be6 14. Qa4 f6 15.
Bd2 Bd5 16. Bxd5+ Nxd5 17. Rac1 Rf7 18. Qb3 Bf8 19. Rc2 Qd7 20. Rfc1 a5 21. a4
b6 22. Kg2 Bc5 23. Rxc5 bxc5 24. Rxc5 Nb4 25. Bxb4 axb4 26. Rb5 Qc6+ 27. f3 Kg7
28. Rxb4 Rfa7 29. Rb5 Kh6 30. Nb4 Qd6 31. Nd5 Ra5 32. Qc4 Rxb5 33. axb5 Rd8 34.
Nb4 Rd7 35. Nc6 Rb7 36. b4 Kg7 37. Kf2 Rb6 38. e3 dxe3+ 39. Kxe3 Qc7 40. d4
exd4+ 41. Kd3 Qb7 42. Nxd4 Rd6 43. Kc3 Qd7 44. Qd3 h5 45. Qe4 Qa7 46. Kc4 Rd7
47. Ne6+ Kf7 48. Nd4 Re7 49. Qd5+ Kg7 50. Nc6 Qa2+ 51. Kc5 Qf2+ 52. Qd4 Re3 53.
Kb6 Qxf3 54. Qd7+ Kh6 55. Qd6 Re8 56. Qf4+ Qxf4 57. gxf4 g5 58. fxg5+ Kxg5 59.
Kc7 f5 60. b6 f4 61. Nd4 Re7+ 62. Kc6 Kg4 63. b7 Re8 64. b5 f3 65. Nxf3 Kxf3
66. Kc7 Re7+ 67. Kb6 Re8 68. Ka7 h4 69. b8=Q Rxb8 70. Kxb8 h3 71. b6 Kg2 72. b7
Kxh2 73. Kc8 1/2-1/2

[Event "Seefeld-Casino op 19th"]
[Site "Seefeld/Tirol (5.9.-13.9)"]
[Date "2008.09.11"]
[Round "7.5"]
[White "Jaenig, Reinhard"]
[Black "Platzgummer, Fabian"]
[Result "1-0"]
[WhiteElo "2110"]
[BlackElo "2262"]
[PlyCount "77"]
[EventDate "2008.09.??"]
[EventType "swiss"]
[EventRounds "9"]
[Source "Ganslmayer"]
[SourceDate "2010.03.14"]
[WhiteTeam "Neu-Oelsnitz SV"]
[BlackTeam "AUT/Tirol PSV"]
[BlackTeamCountry "AUT"]

1. e4 c5 2. Nf3 d6 3. d4 cxd4 4. Nxd4 Nf6 5. Nc3 e5 6. Nb3 Be7 7. Bg5 O-O 8.
Bxf6 Bxf6 9. Nd5 Bg5 10. h4 Bh6 11. g4 Bf4 12. Qf3 Nc6 13. Nxf4 Qf6 14. g5 Qxf4
15. Qxf4 exf4 16. O-O-O Rd8 17. Bh3 Be6 18. Nd4 Nxd4 19. Rxd4 Kf8 20. Rd3 Rac8
21. Rf3 Bxh3 22. Rhxh3 Rc4 23. Rxf4 d5 24. Rhf3 dxe4 25. Rxf7+ Kg8 26. R3f4
Rcd4 27. b3 Rb4 28. Re7 Rf8 29. Rfxe4 Rxe4 30. Rxe4 Rxf2 31. Re7 Rf7 32. Re8+
Rf8 33. Rxf8+ Kxf8 34. Kd2 Ke7 35. Ke3 Kd6 36. Kd4 a5 37. c4 h6 38. a3 a4 39.
b4 1-0

[Event "Seefeld-Casino op 19th"]
[Site "Seefeld/Tirol (5.9.-13.9)"]
[Date "2008.09.11"]
[Round "7.6"]
[White "Quinn, John M."]
[Black "Vrban, Damir"]
[Result "1/2-1/2"]
[WhiteElo "2150"]
[BlackElo "2207"]
[PlyCount "22"]
[EventDate "2008.09.??"]
[EventType "swiss"]
[EventRounds "9"]
[Source "Ganslmayer"]
[SourceDate "2010.03.14"]
[BlackTeamCountry "AUT"]

1. d4 f5 2. Nc3 Nf6 3. Bg5 d5 4. Bxf6 exf6 5. e3 Be6 6. Bd3 Qd7 7. Qf3 Nc6 8.
a3 Ne7 9. Nge2 c6 10. h3 h5 11. O-O-O Nc8 1/2-1/2

[Event "Seefeld-Casino op 19th"]
[Site "Seefeld/Tirol (5.9.-13.9)"]
[Date "2008.09.11"]
[Round "7.7"]
[White "Knechtel, Roland"]
[Black "Gatterer, Matthias"]
[Result "1/2-1/2"]
[WhiteElo "2169"]
[BlackElo "2081"]
[PlyCount "162"]
[EventDate "2008.09.??"]
[EventType "swiss"]
[EventRounds "9"]
[Source "Ganslmayer"]
[SourceDate "2010.03.14"]
[WhiteTeam "Röhrnbach SV"]
[BlackTeam "ITA/Ehrenburg SK"]
[BlackTeamCountry "ITA"]

1. d4 d5 2. c4 e6 3. Nc3 Nf6 4. Bg5 Nbd7 5. cxd5 exd5 6. e3 c6 7. Qc2 Be7 8.
Bd3 O-O 9. Nf3 Re8 10. O-O Nf8 11. Rab1 a5 12. a3 Ng6 13. Bxf6 Bxf6 14. b4 Bg4
15. Nd2 axb4 16. axb4 Be7 17. Rfc1 Bd6 18. b5 Qg5 19. bxc6 bxc6 20. Rb6 Re6 21.
Ne2 Rxe3 22. fxe3 Qxe3+ 23. Kh1 Bxe2 24. Bxe2 Qxe2 25. Rxc6 Bf4 26. Rd1 Bxd2
27. Rc8+ Rxc8 28. Qxc8+ Nf8 29. Qc2 Ne6 30. Qxd2 Qg4 31. h3 Qf5 32. Re1 h6 33.
Kh2 Qg5 34. Qxg5 hxg5 35. Re5 Nxd4 36. Rxg5 f5 37. Rg6 Ne2 38. Re6 Nc3 39. Kg3
Kf7 40. Rc6 Ne2+ 41. Kf2 Nf4 42. Rc7+ Kf6 43. Rd7 g6 44. h4 Ke5 45. g3 Ne6 46.
Re7 Kf6 47. Re8 Kf7 48. Rb8 Kf6 49. Ke3 Ke5 50. Re8 Kf6 51. Kd3 Kf7 52. Rb8 Kf6
53. Rb1 Ke5 54. Re1+ Kd6 55. Kc3 Ng7 56. g4 fxg4 57. Rg1 Ke6 58. Rxg4 Kf6 59.
Kd3 Ne6 60. Ke3 Kf5 61. Rg1 Kf6 62. Kf3 Kf5 63. Rd1 Ke5 64. Rd2 Nd4+ 65. Kg4
Ne6 66. Re2+ Kf6 67. Re1 d4 68. Kf3 Ng7 69. Ke4 Nf5 70. h5 Ng3+ 71. Kxd4 Nxh5
72. Rf1+ Kg5 73. Ke5 Kg4 74. Rg1+ Ng3 75. Kf6 g5 76. Ra1 Kf4 77. Ra4+ Ne4+ 78.
Ke6 g4 79. Kd5 g3 80. Rxe4+ Kf3 81. Re8 g2 1/2-1/2

[Event "Seefeld-Casino op 19th"]
[Site "Seefeld/Tirol (5.9.-13.9)"]
[Date "2008.09.11"]
[Round "7.8"]
[White "Pregl, Walter"]
[Black "Allgaier, Erik"]
[Result "1-0"]
[WhiteElo "2257"]
[BlackElo "2135"]
[PlyCount "61"]
[EventDate "2008.09.??"]
[EventType "swiss"]
[EventRounds "9"]
[Source "Ganslmayer"]
[SourceDate "2010.03.14"]
[BlackTeamCountry "ITA"]

1. e4 c5 2. Nf3 Nc6 3. d4 cxd4 4. Nxd4 e6 5. Nb5 d6 6. c4 a6 7. N5a3 Be7 8. Nc3
Nf6 9. Be3 Rb8 10. Be2 O-O 11. O-O Qc7 12. Rc1 b6 13. f3 Bb7 14. Kh1 Rfe8 15.
Nd5 exd5 16. cxd5 b5 17. dxc6 Bxc6 18. Nc2 Qb7 19. Nd4 Bd7 20. b4 Bd8 21. Bf4
Be7 22. Qd2 Rbd8 23. Rfd1 Bf8 24. Bg5 Be7 25. Nb3 Be6 26. Na5 Qd7 27. Nc6 Ra8
28. e5 dxe5 29. Qxd7 Bxd7 30. Bxf6 Bxc6 31. Bxe7 1-0

[Event "Seefeld-Casino op 19th"]
[Site "Seefeld/Tirol (5.9.-13.9)"]
[Date "2008.09.11"]
[Round "7.9"]
[White "Santl, Anton"]
[Black "Jolowicz, Matias Dr"]
[Result "1/2-1/2"]
[WhiteElo "2026"]
[BlackElo "2027"]
[PlyCount "79"]
[EventDate "2008.09.??"]
[EventType "swiss"]
[EventRounds "9"]
[Source "Ganslmayer"]
[SourceDate "2010.03.14"]
[BlackTeamCountry "ITA"]

1. Nf3 c5 2. e4 g6 3. g3 Bg7 4. Bg2 Nc6 5. O-O d6 6. d3 e5 7. c3 Nge7 8. Nbd2
O-O 9. a4 h6 10. Nc4 Be6 11. Be3 f5 12. exf5 gxf5 13. Qe2 Qd7 14. h4 Rae8 15.
Bh3 Rf6 16. Rfe1 Ref8 17. h5 f4 18. Bxe6+ Qxe6 19. Bxf4 Qf7 20. Nfxe5 dxe5 21.
Nxe5 Nxe5 22. Qxe5 Rxf4 23. Qxf4 Qxf4 24. gxf4 Nd5 25. f5 Rxf5 26. Re8+ Kf7 27.
Rb8 Rg5+ 28. Kf1 Rxh5 29. Rxb7+ Kf6 30. Ke2 Re5+ 31. Kf3 Rf5+ 32. Ke2 Re5+ 33.
Kd2 Re7 34. Rb5 Nf4 35. Rd1 Re2+ 36. Kc1 Bf8 37. Ra5 h5 38. Rxa7 h4 39. Ra6+
Kf5 40. Ra8 1/2-1/2

[Event "Seefeld-Casino op 19th"]
[Site "Seefeld/Tirol (5.9.-13.9)"]
[Date "2008.09.11"]
[Round "7.11"]
[White "Buchaeckert, Juergen"]
[Black "Ballon, Guenther Jan"]
[Result "1/2-1/2"]
[WhiteElo "1873"]
[BlackElo "1999"]
[PlyCount "52"]
[EventDate "2008.09.??"]
[EventType "swiss"]
[EventRounds "9"]
[Source "Ganslmayer"]
[SourceDate "2010.03.14"]
[WhiteTeam "Ludwigshafen-1912 SK"]
[BlackTeam "NED(Niederlande)"]
[BlackTeamCountry "NED"]

1. e4 c5 2. c3 d5 3. exd5 Qxd5 4. d4 e6 5. Nf3 Nf6 6. Be3 cxd4 7. cxd4 Be7 8.
Nc3 Qd8 9. a3 O-O 10. Bd3 Nbd7 11. O-O b6 12. Qe2 Bb7 13. Rad1 Nd5 14. Nxd5
Bxd5 15. Ne5 Nf6 16. Bg5 Bb7 17. Bb1 Nd5 18. Qd3 f5 19. Bxe7 Qxe7 20. f4 Rac8
21. Ba2 Rfd8 22. Rde1 Qf6 23. Rf2 Rc7 24. g3 Rdc8 25. Rfe2 Rc1 26. Qd2 R1c7
1/2-1/2

[Event "Seefeld-Casino op 19th"]
[Site "Seefeld/Tirol (5.9.-13.9)"]
[Date "2008.09.11"]
[Round "7.12"]
[White "Kaye, Ferdinand"]
[Black "Mertens, Klaus"]
[Result "0-1"]
[WhiteElo "2042"]
[BlackElo "2001"]
[PlyCount "34"]
[EventDate "2008.09.??"]
[EventType "swiss"]
[EventRounds "9"]
[Source "Ganslmayer"]
[SourceDate "2010.03.14"]
[BlackTeamCountry "NED"]

1. Nf3 Nf6 2. c4 b6 3. g3 Bb7 4. Bg2 g6 5. O-O c5 6. b3 Bg7 7. Bb2 O-O 8. d4
cxd4 9. Nxd4 Bxg2 10. Kxg2 d5 11. cxd5 Qxd5+ 12. Nf3 Qb7 13. Nbd2 Na6 14. Rc1
Rfd8 15. Qc2 Nb4 16. Qd1 Ne4 17. Bxg7 Nxd2 0-1

[Event "Seefeld-Casino op 19th"]
[Site "Seefeld/Tirol (5.9.-13.9)"]
[Date "2008.09.11"]
[Round "7.13"]
[White "Breedveld, Andre"]
[Black "Schulze, Joachim"]
[Result "1-0"]
[WhiteElo "2139"]
[BlackElo "1981"]
[PlyCount "81"]
[EventDate "2008.09.??"]
[EventType "swiss"]
[EventRounds "9"]
[Source "Ganslmayer"]
[SourceDate "2010.03.14"]
[WhiteTeam "NED/Zaandam"]
[BlackTeam "Hamburg SF"]
[WhiteTeamCountry "NED"]

1. d4 Nf6 2. Nf3 g6 3. c4 Bg7 4. Nc3 O-O 5. e4 d6 6. Be2 c6 7. O-O Bg4 8. Be3
Nbd7 9. Qc2 Qc7 10. Rac1 Rad8 11. Qd2 Rfe8 12. Rfd1 Nf8 13. Ne1 Bxe2 14. Qxe2
Qa5 15. Nc2 Qh5 16. f3 Bh6 17. b4 b6 18. d5 c5 19. bxc5 bxc5 20. g4 Bxe3+ 21.
Nxe3 Qh3 22. Rb1 N8d7 23. Qg2 Qxg2+ 24. Kxg2 Rb8 25. Nb5 Rb7 26. Rb3 Reb8 27.
Rdb1 Nb6 28. Nc3 Nfd7 29. h3 Kf8 30. Kf2 Ke8 31. g5 Kd8 32. f4 Kc7 33. Nb5+ Kc8
34. f5 Ne5 35. f6 a6 36. fxe7 Rxe7 37. Nxd6+ Kc7 38. Rxb6 Nd3+ 39. Ke2 Nb4 40.
Rxb8 Kxb8 41. a3 1-0

[Event "Seefeld-Casino op 19th"]
[Site "Seefeld/Tirol (5.9.-13.9)"]
[Date "2008.09.11"]
[Round "7.14"]
[White "Oettinger, Hagen"]
[Black "Fahnenschmidt, Gerhard Dr"]
[Result "1-0"]
[WhiteElo "2018"]
[BlackElo "1883"]
[PlyCount "41"]
[EventDate "2008.09.??"]
[EventType "swiss"]
[EventRounds "9"]
[Source "Ganslmayer"]
[SourceDate "2010.03.14"]
[WhiteTeamCountry "NED"]

1. d4 Nf6 2. Nf3 c5 3. d5 b5 4. c4 b4 5. g3 g6 6. Bg2 Bg7 7. O-O O-O 8. Re1 d6
9. e4 Bg4 10. Nbd2 Qc8 11. Qc2 h6 12. e5 Nfd7 13. e6 Nf6 14. Nh4 g5 15. Nf5
Bxf5 16. Qxf5 fxe6 17. Qg6 exd5 18. Rxe7 Ne8 19. Bxd5+ Kh8 20. Rxg7 Qf5 21.
Rh7# 1-0

[Event "Seefeld-Casino op 19th"]
[Site "Seefeld/Tirol (5.9.-13.9)"]
[Date "2008.09.11"]
[Round "7.15"]
[White "Lang, Ferdinand(49)"]
[Black "Meertens, Martin"]
[Result "0-1"]
[WhiteElo "1968"]
[BlackElo "2059"]
[PlyCount "158"]
[EventDate "2008.09.??"]
[EventType "swiss"]
[EventRounds "9"]
[Source "Ganslmayer"]
[SourceDate "2010.03.14"]
[WhiteTeamCountry "NED"]

1. e4 e5 2. Nf3 Nc6 3. Bb5 a6 4. Ba4 Nf6 5. O-O Be7 6. Re1 b5 7. Bb3 O-O 8. a4
Bb7 9. c3 d6 10. d4 Na5 11. Bc2 Nd7 12. Nbd2 c5 13. Nf1 Bf6 14. d5 g6 15. g4 c4
16. Ng3 Nc5 17. axb5 axb5 18. Be3 Nab3 19. Rb1 Bc8 20. h3 Kg7 21. Kh2 h6 22.
Rg1 Bg5 23. Bxg5 hxg5 24. Nd2 Nxd2 25. Qxd2 Rh8 26. Ne2 Bd7 27. Rg3 f6 28. Ng1
Ra2 29. Kg2 Qe7 30. Nf3 Qd8 31. Qc1 Qa8 32. Nd2 Qa5 33. b4 cxb3 34. Nxb3 Nxb3
35. Bxb3 Ra3 36. Bd1 Rc8 37. Rb3 Ra4 38. Re3 Rcc4 39. Bc2 Ra1 40. Qd2 Ra2 41.
Qd3 Rc8 42. Re1 Qa7 43. Re3 Qc5 44. Bd1 Rf8 45. Re2 Ra1 46. Rd2 Ra5 47. Qg3 Rh8
48. Be2 Ra1 49. Rdb2 Ra5 50. Bd3 Rha8 51. Qe3 Rb8 52. Qe2 Kf7 53. Qd2 Kg7 54.
c4 b4 55. Rxb4 Rxb4 56. Qxb4 Qxb4 57. Rxb4 Kf7 58. Rb8 Ra3 59. Bf1 f5 60. Rb7
Ke8 61. exf5 gxf5 62. gxf5 Bxf5 63. f3 Bd7 64. Rb8+ Kf7 65. Rd8 Ke7 66. Rh8 Bf5
67. h4 gxh4 68. Rxh4 Ra2+ 69. Kg3 Ra3 70. Rh2 e4 71. Rf2 Kf6 72. Be2 Ke5 73.
Kh4 e3 74. f4+ Kd4 75. Rf1 Bd3 76. Bxd3 Kxd3 77. f5 e2 78. Rg1 Ra8 79. c5 Rh8+
0-1

[Event "Seefeld-Casino op 19th"]
[Site "Seefeld/Tirol (5.9.-13.9)"]
[Date "2008.09.11"]
[Round "7.17"]
[White "Schnegg, Daniel"]
[Black "Winter, Bernd(41)"]
[Result "1-0"]
[WhiteElo "1985"]
[BlackElo "1948"]
[PlyCount "63"]
[EventDate "2008.09.??"]
[EventType "swiss"]
[EventRounds "9"]
[Source "Ganslmayer"]
[SourceDate "2010.03.14"]
[WhiteTeam "AUT/Landeck"]
[BlackTeam "München-Siemens SK"]
[WhiteTeamCountry "AUT"]

1. e4 c5 2. Nf3 Nc6 3. d4 cxd4 4. Nxd4 e6 5. Nc3 a6 6. Be2 Qc7 7. O-O Nf6 8.
Be3 Be7 9. f4 d6 10. Kh1 O-O 11. Bg1 Bd7 12. f5 Nxd4 13. Bxd4 e5 14. Be3 Bc6
15. Bf3 b5 16. a3 Qb7 17. Qd3 Rfd8 18. Rad1 Rac8 19. g4 b4 20. axb4 Qxb4 21. g5
d5 22. exd5 e4 23. Qxa6 Nxd5 24. Nxd5 Bxd5 25. Rxd5 exf3 26. Rxd8+ Rxd8 27. f6
Qe4 28. Bf2 Bc5 29. Qa5 Rd5 30. Re1 Qg4 31. Re8+ Bf8 32. Rxf8+ 1-0

[Event "Seefeld-Casino op 19th"]
[Site "Seefeld/Tirol (5.9.-13.9)"]
[Date "2008.09.11"]
[Round "7.18"]
[White "Vonach, Bernhard Dr"]
[Black "Thoeny, Hermann"]
[Result "0-1"]
[WhiteElo "1817"]
[BlackElo "1920"]
[PlyCount "100"]
[EventDate "2008.09.??"]
[EventType "swiss"]
[EventRounds "9"]
[Source "Ganslmayer"]
[SourceDate "2010.03.14"]
[WhiteTeamCountry "AUT"]

1. d4 f5 2. Nf3 Nf6 3. c4 g6 4. g3 Bg7 5. Bg2 O-O 6. O-O d6 7. Nc3 c6 8. b4 Qc7
9. c5 Kh8 10. Qb3 Ne4 11. Bf4 Nxc3 12. Qxc3 Be6 13. Qe3 Bg8 14. Rfd1 a5 15. b5
cxb5 16. cxd6 exd6 17. Rac1 Qd7 18. Rc2 Na6 19. Rdc1 Bc4 20. Bh6 Nb4 21. Bxg7+
Qxg7 22. Rxc4 bxc4 23. Rxc4 Nxa2 24. Qe6 Qf7 25. d5 Qxe6 26. dxe6 Rfc8 27. Rd4
Rc1+ 28. Bf1 Rc6 29. e4 fxe4 30. Rxe4 Nc3 31. Re1 Rc7 32. Ng5 Kg7 33. Nf7 Rxf7
34. exf7 Kxf7 35. Re3 Rc8 36. Bh3 Rc7 37. Be6+ Kf6 38. f4 d5 39. g4 b5 40. g5+
Kg7 41. Re5 Re7 42. h4 b4 43. h5 b3 44. h6+ Kf8 45. f5 b2 46. Re1 gxf5 47. g6
hxg6 48. h7 Kg7 49. Kf2 Rxe6 50. Rh1 Kh8 0-1

[Event "Seefeld-Casino op 19th"]
[Site "Seefeld/Tirol (5.9.-13.9)"]
[Date "2008.09.11"]
[Round "7.19"]
[White "Willin, Bernhard"]
[Black "Lundberg, Roland"]
[Result "0-1"]
[WhiteElo "1749"]
[BlackElo "2045"]
[PlyCount "74"]
[EventDate "2008.09.??"]
[EventType "swiss"]
[EventRounds "9"]
[Source "Ganslmayer"]
[SourceDate "2010.03.14"]
[WhiteTeamCountry "AUT"]

1. d4 d6 2. g3 Nf6 3. Bg2 g6 4. Nf3 Bg7 5. O-O O-O 6. c4 Nbd7 7. Nc3 c5 8. d5
Ne8 9. Qc2 Nc7 10. Rd1 Rb8 11. a4 Na6 12. Na2 Qe8 13. Rb1 Nf6 14. e4 Nxe4 15.
Ra1 Bf5 16. Qb3 Qd7 17. Nh4 Bd4 18. Be3 Bxe3 19. Qxe3 Nf6 20. Nxf5 Qxf5 21. Rd2
Rfe8 22. h3 Kg7 23. g4 Qd7 24. Qc3 h6 25. Nc1 Nb4 26. Ne2 e5 27. dxe6 Qxe6 28.
Rad1 Qe5 29. Rxd6 Qxe2 30. Qxf6+ Kg8 31. Rd7 Rf8 32. Bf1 Qe4 33. Re7 Qc6 34.
Rd6 Qxa4 35. Rdd7 Qc6 36. Qf4 Rbe8 37. Rxf7 Qxd7 0-1

[Event "Seefeld-Casino op 19th"]
[Site "Seefeld/Tirol (5.9.-13.9)"]
[Date "2008.09.11"]
[Round "7.20"]
[White "Platzgummer, Peter"]
[Black "Schumacher, Helmut(31)"]
[Result "1/2-1/2"]
[WhiteElo "1960"]
[BlackElo "1972"]
[PlyCount "37"]
[EventDate "2008.09.??"]
[EventType "swiss"]
[EventRounds "9"]
[Source "Ganslmayer"]
[SourceDate "2010.03.14"]
[WhiteTeamCountry "AUT"]

1. c4 e6 2. Nf3 d5 3. d4 c6 4. Qc2 Nf6 5. g3 Bb4+ 6. Nbd2 Nbd7 7. Bg2 Be7 8.
O-O O-O 9. b3 b6 10. a4 Bb7 11. Ne5 Rc8 12. Bb2 c5 13. Rfd1 cxd4 14. Bxd4 Nxe5
15. Bxe5 Nd7 16. Bb2 Qc7 17. Rac1 Bf6 18. Bxf6 Nxf6 19. Qb2 1/2-1/2

[Event "Seefeld-Casino op 19th"]
[Site "Seefeld/Tirol (5.9.-13.9)"]
[Date "2008.09.11"]
[Round "7.21"]
[White "Erhart, Uwe"]
[Black "Gerhards, Walter"]
[Result "1/2-1/2"]
[WhiteElo "1954"]
[BlackElo "1849"]
[PlyCount "104"]
[EventDate "2008.09.??"]
[EventType "swiss"]
[EventRounds "9"]
[Source "Ganslmayer"]
[SourceDate "2010.03.14"]
[WhiteTeamCountry "AUT"]

1. d4 Nf6 2. Nf3 e6 3. g3 c5 4. Bg2 Nc6 5. O-O Be7 6. Nc3 d5 7. Bg5 O-O 8. e3
b6 9. Re1 Bb7 10. Ne2 h6 11. Bxf6 Bxf6 12. c3 Qc7 13. Nf4 Rad8 14. Rc1 g6 15.
Qc2 Bg7 16. Nd2 Ne7 17. dxc5 bxc5 18. e4 e5 19. Nxd5 Nxd5 20. exd5 Bxd5 21.
Bxd5 Rxd5 22. c4 Rd7 23. Ne4 Rfd8 24. Rcd1 f5 25. Nc3 e4 26. Rxd7 Rxd7 27. Nd5
Qb7 28. b3 Bd4 29. Rd1 Kg7 30. b4 Qc6 31. b5 Qe6 32. a4 e3 33. Nxe3 Re7 34. Ng2
Qe2 35. Qxe2 Rxe2 36. Ne3 Ra2 37. Rc1 Rxa4 38. Rc2 Kf7 39. Nd5 g5 40. Kg2 Ke6
41. h3 Kd6 42. Kf3 Ra3+ 43. Kg2 Ra1 44. Kf3 Rb1 45. Ra2 Rb2 46. Rxb2 Bxb2 47.
Ke2 Bg7 48. Kd3 Bf8 49. f4 Ke6 50. Ke3 Bd6 51. Kd3 Kf7 52. Ke3 Kg7 1/2-1/2

[Event "Seefeld-Casino op 19th"]
[Site "Seefeld/Tirol (5.9.-13.9)"]
[Date "2008.09.11"]
[Round "7.22"]
[White "Russ, Colin A.H."]
[Black "Nachtkamp, Herbert"]
[Result "1/2-1/2"]
[WhiteElo "1912"]
[BlackElo "1970"]
[PlyCount "27"]
[EventDate "2008.09.??"]
[EventType "swiss"]
[EventRounds "9"]
[Source "Ganslmayer"]
[SourceDate "2010.03.14"]
[WhiteTeamCountry "AUT"]

1. d4 d5 2. Nf3 Nc6 3. Bf4 Bg4 4. e3 e6 5. Nbd2 Bd6 6. Bg3 Nf6 7. Bb5 O-O 8. c3
Ne4 9. Qa4 Nxd2 10. Nxd2 Ne7 11. Bxd6 cxd6 12. Bd3 Bf5 13. Qc2 Bxd3 14. Qxd3
1/2-1/2

[Event "Seefeld-Casino op 19th"]
[Site "Seefeld/Tirol (5.9.-13.9)"]
[Date "2008.09.11"]
[Round "7.23"]
[White "Opitz, Christian"]
[Black "Wiesbeck, Florian"]
[Result "1-0"]
[WhiteElo "1939"]
[BlackElo "1887"]
[PlyCount "83"]
[EventDate "2008.09.??"]
[EventType "swiss"]
[EventRounds "9"]
[Source "Ganslmayer"]
[SourceDate "2010.03.14"]
[WhiteTeamCountry "AUT"]

1. e4 c5 2. Nf3 e6 3. d4 cxd4 4. Nxd4 Qb6 5. Nb3 Qc7 6. c4 g6 7. Nc3 a6 8. Qd4
f6 9. Be3 Nc6 10. Qd2 Ne5 11. Rc1 Qd6 12. Be2 Qxd2+ 13. Bxd2 Bd6 14. O-O Ne7
15. Rcd1 Bc7 16. Be3 Nf7 17. Rd2 O-O 18. Rfd1 Nc6 19. Na4 d6 20. Nb6 Rb8 21.
Nxc8 Rbxc8 22. c5 Rcd8 23. Bc4 Rfe8 24. Bf4 Nce5 25. Bxe5 dxe5 26. Rd7 Rc8 27.
a4 Kf8 28. c6 Bb6 29. Rxb7 Rxc6 30. Bxa6 Bxf2+ 31. Kxf2 Rxa6 32. Nc5 Rc6 33. b4
Re7 34. Rdd7 Rxd7 35. Rxd7 Ke8 36. Rb7 f5 37. a5 Nd6 38. Rxh7 Nxe4+ 39. Nxe4
fxe4 40. b5 Rc2+ 41. Ke3 Rc5 42. a6 1-0

[Event "Seefeld-Casino op 19th"]
[Site "Seefeld/Tirol (5.9.-13.9)"]
[Date "2008.09.11"]
[Round "7.24"]
[White "Fischer, Gerd(59)"]
[Black "Moroder, Stefan"]
[Result "1/2-1/2"]
[WhiteElo "1846"]
[BlackElo "2003"]
[PlyCount "39"]
[EventDate "2008.09.??"]
[EventType "swiss"]
[EventRounds "9"]
[Source "Ganslmayer"]
[SourceDate "2010.03.14"]
[WhiteTeamCountry "AUT"]

1. d4 Nf6 2. Nf3 g6 3. Bf4 Bg7 4. e3 O-O 5. h3 d6 6. Be2 Nbd7 7. O-O c5 8. c3
b6 9. Nbd2 Bb7 10. Re1 Re8 11. Bh2 Qc7 12. Qb3 e5 13. dxe5 dxe5 14. Ng5 Re7 15.
Bf3 h6 16. Nge4 Nxe4 17. Bxe4 Bxe4 18. Nxe4 Nf6 19. Nxf6+ Bxf6 20. Rad1 1/2-1/2

[Event "Seefeld-Casino op 19th"]
[Site "Seefeld/Tirol (5.9.-13.9)"]
[Date "2008.09.11"]
[Round "7.25"]
[White "Klein, Gereon"]
[Black "Schmidt, Juergen(52)"]
[Result "1/2-1/2"]
[WhiteElo "1846"]
[BlackElo "1921"]
[PlyCount "68"]
[EventDate "2008.09.??"]
[EventType "swiss"]
[EventRounds "9"]
[Source "Ganslmayer"]
[SourceDate "2010.03.14"]
[WhiteTeam "Kerpen SK"]
[BlackTeam "Berlin-Kreuzberg SC"]

1. Nf3 Nf6 2. c4 g6 3. Nc3 Bg7 4. e4 d6 5. d4 O-O 6. Be2 c5 7. d5 a6 8. a4 Nbd7
9. O-O b6 10. h3 Kh8 11. Be3 Ng8 12. Qd2 Qc7 13. Rfe1 Ndf6 14. Nh2 Bb7 15. Bf4
Rad8 16. Ng4 Nxg4 17. Bxg4 Nf6 18. Bh6 Bc8 19. Bxc8 Rxc8 20. Bxg7+ Kxg7 21. Qe3
Rce8 22. f4 e5 23. dxe6 fxe6 24. e5 Nh5 25. Rad1 dxe5 26. Qxe5+ Qxe5 27. fxe5
Rd8 28. Rd6 Nf4 29. Red1 Rb8 30. Rd7+ Kh6 31. Re7 Rbd8 32. Rd6 Nd3 33. Rxd8
Rxd8 34. Rxe6 Nxb2 1/2-1/2

[Event "Seefeld-Casino op 19th"]
[Site "Seefeld/Tirol (5.9.-13.9)"]
[Date "2008.09.11"]
[Round "7.26"]
[White "Strasser, Josef(64)"]
[Black "Ranker, Klemens"]
[Result "0-1"]
[WhiteElo "1936"]
[BlackElo "1862"]
[PlyCount "52"]
[EventDate "2008.09.??"]
[EventType "swiss"]
[EventRounds "9"]
[Source "Ganslmayer"]
[SourceDate "2010.03.14"]

1. d4 Nf6 2. c4 g6 3. Nc3 Bg7 4. Nf3 O-O 5. e4 d6 6. Be2 c6 7. O-O Na6 8. Ne1
Nc7 9. f3 Bd7 10. Be3 b6 11. f4 Qc8 12. Rc1 Ng4 13. Bxg4 Bxg4 14. Nf3 Bd7 15.
Qd2 Ne8 16. e5 Qa6 17. b3 Rd8 18. Qe1 f6 19. Bf2 Qc8 20. d5 fxe5 21. fxe5 Rxf3
22. gxf3 Bxe5 23. Kh1 Bh3 24. Rg1 Qf5 25. Qe4 Qf6 26. Qh4 Qxf3+ 0-1

[Event "Seefeld-Casino op 19th"]
[Site "Seefeld/Tirol (5.9.-13.9)"]
[Date "2008.09.11"]
[Round "7.27"]
[White "Neubauer, Kai(65)"]
[Black "Werner, Bernd(56)"]
[Result "1-0"]
[WhiteElo "1981"]
[BlackElo "1721"]
[PlyCount "49"]
[EventDate "2008.09.??"]
[EventType "swiss"]
[EventRounds "9"]
[Source "Ganslmayer"]
[SourceDate "2010.03.14"]
[WhiteTeam "ITA/Scacchilatorre"]
[BlackTeam "Eppingen SC"]
[WhiteTeamCountry "ITA"]

1. d4 Nf6 2. c4 g6 3. Nc3 d5 4. cxd5 Nxd5 5. e4 Nxc3 6. bxc3 Bg7 7. Bc4 O-O 8.
Be3 c5 9. Ne2 Nc6 10. O-O Qc7 11. Rc1 Rd8 12. Qe1 Na5 13. Bd3 c4 14. Bc2 b5 15.
f4 e6 16. f5 exf5 17. exf5 Bb7 18. Nf4 Re8 19. fxg6 fxg6 20. Nxg6 hxg6 21. Bxg6
Qc6 22. Bf7+ Kh7 23. Qh4+ Bh6 24. d5 Qd6 25. Rf6 1-0

[Event "Seefeld-Casino op 19th"]
[Site "Seefeld/Tirol (5.9.-13.9)"]
[Date "2008.09.11"]
[Round "7.28"]
[White "Stock, Juergen(56)"]
[Black "Lins, Philipp"]
[Result "0-1"]
[WhiteElo "1886"]
[BlackElo "2008"]
[PlyCount "82"]
[EventDate "2008.09.??"]
[EventType "swiss"]
[EventRounds "9"]
[Source "Ganslmayer"]
[SourceDate "2010.03.14"]
[WhiteTeamCountry "ITA"]

1. d4 d6 2. c3 Nf6 3. Bg5 Nbd7 4. f4 c6 5. Nd2 e5 6. fxe5 dxe5 7. e3 Be7 8. Bc4
Nd5 9. Bxe7 Qxe7 10. Qe2 O-O 11. O-O-O N7f6 12. Bxd5 cxd5 13. dxe5 Qxe5 14.
Ngf3 Qe7 15. h3 Re8 16. Rhe1 Bd7 17. Nd4 b5 18. Nxb5 Rab8 19. Nd4 Rec8 20. Nb1
Ne4 21. Nb3 Bb5 22. Qc2 Bc4 23. Rd4 Qh4 24. Red1 Qg3 25. Rxe4 dxe4 26. Qxe4
Bxb3 27. axb3 Re8 28. Qf3 Qg5 29. Rd3 Rxb3 30. Nd2 Rb6 31. Ne4 Qb5 32. Rd2 Qa4
33. b4 Qa1+ 34. Kc2 Ra6 35. Kd3 Qb1+ 36. Ke2 Rae6 37. Rd3 Qa2+ 38. Rd2 Qc4+ 39.
Rd3 Qxe4 40. Qg3 Qc4 41. Kd2 Ra6 0-1